000 00443nam a2200193Ia 4500
005 20250923144354.0
008 008 250917s9999 xx 000 0 eng d
037 _aReference
040 _aDSWL
_beng
_cDSWL
041 _aeng
_2eng
084 _qDSWL
245 0 _aFord at fifty, 1903-1953
260 _aNew York
_c1953
300 _a105 p.
365 _aUSD
_b2.95
925 _g2.95
942 _cREF
999 _c1438024
_d1438024